000 00660nam a2200229 a 4500
999 _c10571
_d10571
001 10571
003 BD-JhCC
005 20180723083714.0
008 180723s20131956bg |||| |||| 00| 0 ben d
020 _a9844600049
035 _a(BD-JhCC)10571
040 _aBD-JhCC
_dBD-JhCC
041 _aben
082 _a891.442
_bUDD 2013
100 _aউদ্দীন, জসীম
245 _aপল্লীবধূ /
_cজসীম উদ্দীন
260 _aঢাকা :
_bপলাশ,
_c২০১৩.
300 _a৭৭ পৃ. :
_c১৭ সেমি.
650 _aবাংলা নাটক
650 _aBengali Drama
942 _2ddc
_cBK